|
|
|
|
| LEADER |
00974nam a2200289 4500 |
| 001 |
DLU110125732 |
| 005 |
##20110926 |
| 040 |
# |
# |
|a DLU
|b vie
|
| 041 |
# |
# |
|a vie
|
| 044 |
# |
# |
|a vn
|
| 100 |
# |
# |
|a Hoàng Nhâm.
|
| 245 |
# |
# |
|a Tổng hợp và nghiên cứu các phức chất rodi (III) với một số beta-Đixeton được flo hóa /
|c Hoàng Nhâm, Nguyễn Hùng Huy, Nguyễn Bá Tiến.
|
| 653 |
# |
# |
|a Hàm lượng các nguyên tố C,H
|
| 653 |
# |
# |
|a Phức chất rodi (III)
|
| 653 |
# |
# |
|a Tổng hợp phức chất
|
| 700 |
# |
# |
|a Nguyễn Bá Tiến.
|
| 700 |
# |
# |
|a Nguyễn Hùng Huy.
|
| 773 |
# |
# |
|t Tạp chí Phân tích hóa, lý và sinh học
|g Số 2(13), 2008, tr. 27-30
|
| 920 |
# |
# |
|a Phòng Tạp chí -- Trung tâm Thông tin - Thư viện Trường Đại học Đà Lạt
|
| 994 |
# |
# |
|a DLU
|
| 900 |
# |
# |
|a True
|
| 911 |
# |
# |
|a Nguyễn Thị Linh Chi
|
| 925 |
# |
# |
|a G
|
| 926 |
# |
# |
|a A
|
| 927 |
# |
# |
|a BB
|
| 980 |
# |
# |
|a Thư viện Trường Đại học Đà Lạt
|